Score 0/20 Timer 03:00
1 Play Today
% Correct
Peru
97.4%
Pakistan
94.7%
Psalms
90.1%
Philippines
89.4%
Peter
88.5%
Parakeet
86.4%
Puffin
85.2%
Pigeon
81.5%
Poland
79.4%
Proverbs
79%
% Correct
Portugal
70.5%
Potassium
64.8%
Phosphorus
61.7%
Peacock
59.2%
Platinum
45.4%
Plutonium
44.5%
Philippians
43.4%
Pelican
41.6%
Philemon
28.5%
Promethium
15.4%

You're not logged in!

Compare scores with friends on all Sporcle quizzes.
OR
Log In

Sporcle TV

Today on Sporcle TV


Watch our educational content, quiz creation guides, and fun videos on Sporcle TV.

Show Comments

Extras

Top Quizzes Today


Score Distribution

Paid Content

Your Account Isn't Verified!

In order to create a playlist on Sporcle, you need to verify the email address you used during registration. Go to your Sporcle Settings to finish the process.

Report this User

Report this user for behavior that violates our Community Guidelines.

Details: